Score 0/13 Timer 06:00
1 Play Today
Votes Against Player % Correct
Abi, Ciera, KelleyAndrew
95.3%
Jeremy, Spencer, TashaKimmi, Keith & Kelley
95.3%
Abi, Jeff, Kelley, Peih-Gee, Shirin, SpencerVytas
92.7%
Jeremy, Kimmi, StephenMonica & Ciera
92.1%
Jeff, Kelly, Peih-Gee, Spencer, WooShirin
91.4%
Abi, Andrew, Tasha, WooJeff
90.5%
Abi, Andrew, Jeff, TashaPeih-Gee
90.3%
Abi, Ciera, Kass, SpencerWoo
90%
Andrew, Keith, Kelley, Kimmi, Stephen, TashaKass
89.7%
Jeremy, Kimmi, Spencer, TashaAbi-Maria
89.1%
Abi, Jeremy, Kelley, Kimmi, Spencer, TashaJoe
87.5%
Abi, Keith, Kelley, SpencerStephen
86.6%
Abi, Ciera, Jeremy, Kelley, Spencer, StephenKelly
85.4%
Remove Ads.
Support Sporcle.
Get the best of Sporcle when you Go Orange. This ad-free experience offers more features, more stats, and more fun while also helping to support Sporcle. Thank you for becoming a member.

You're not logged in!

Compare scores with friends on all Sporcle quizzes.
OR
Log In

Sporcle TV

Today on Sporcle TV


Watch our educational content, quiz creation guides, and fun videos on Sporcle TV.

Show Comments

Extras

Top Quizzes Today


Score Distribution

Paid Content

Your Account Isn't Verified!

In order to create a playlist on Sporcle, you need to verify the email address you used during registration. Go to your Sporcle Settings to finish the process.

Report this User

Report this user for behavior that violates our Community Guidelines.

Details: